Healthcare Human Resource Management, (Record no. 5111)

MARC details
005 - DATE AND TIME OF LATEST TRANSACTION
control field 20250625145521.0
020 ## - INTERNATIONAL STANDARD BOOK NUMBER
International Standard Book Number 0-324-17576-6
082 ## - DEWEY DECIMAL CLASSIFICATION NUMBER
Classification number 658.382 FLY
100 ## - MAIN ENTRY--PERSONAL NAME
Author name Healthcare Human Resource Management
245 ## - TITLE STATEMENT
Title Healthcare Human Resource Management,
260 ## - PUBLICATION, DISTRIBUTION, ETC.
Place of publication, distribution, etc. New York,
Name of publisher, distributor, etc. USA,
Date of publication, distribution, etc. 2004.
300 ## - PHYSICAL DESCRIPTION
Extent xvi.; 381p.;figure,
Other physical details Glossary & Index,
Dimensions 24cm.
700 ## - ADDED ENTRY--PERSONAL NAME
Other authors/Editors FLYNN, W. J, MATHIS, R. L, JACKSON, J. H & LANGAN ,P. J.
942 ## - ADDED ENTRY ELEMENTS (KOHA)
Source of classification or shelving scheme Dewey Decimal Classification
Koha item type Books
Holdings
Date last seen Total checkouts Full call number Barcode Cost, replacement price Price effective from Koha item type Lost status Source of classification or shelving scheme Damaged status Not for loan Withdrawn status Home library Current library Shelving location Date acquired Cost, normal purchase price
06/25/2025   658.382HEA DOM0001708 105000.00 06/25/2025 Books   Dewey Decimal Classification       CBE Dodoma CBE Dodoma General Collection 06/25/2004 35000.00